00234nam a22000737a 4500100002600000245009800026260002900124300000700153 aMadushika,Chamali K.D aAntioxidant,Anti-diabetic and Antibacterial activities of three Syzygium species in Sri Lanka aRajagiriyabIchemcc2018 a53